000 00680cab a2200217 4500
001 WB3418-32
008 090401t1998 xxu||||| |||| 00| 0 eng d
035 _a(Sirsi) u86135
041 _aeng
245 _aSpace shortage
260 _c1998
350 _a0
490 _aDaily Telegraph
_v11 May 1998, 30(1)
520 _aBritain is very short of large exhibition halls and unless new venues are built soon, organisers will turn to Europe, where almost all major cities have exhibition complexes.
650 _aCONFERENCE CENTRES
650 _aEXHIBITION CENTRES
650 _aMILLENNIUM DOME
690 _aLEISURE AND RECREATION
942 _n0
948 _c12/05/1998
999 _c54188
_d54188